Central Library OPAC University of Rajshahi

Introduction to genetics : (Record no. 11788)

MARC details
000 -LEADER
fixed length control field 00713nam a22002291 4500
001 - CONTROL NUMBER
control field 11788
003 - CONTROL NUMBER IDENTIFIER
rucl marc code BD-RjUL
005 - DATE AND TIME OF LATEST TRANSACTION
control field 20211208235201.0
008 - FIXED-LENGTH DATA ELEMENTS--GENERAL INFORMATION
fixed length control field 140127s1964 nyua bp 001 0 eng
035 ## - SYSTEM CONTROL NUMBER
System control number (BD-RjUL)11837
040 ## - CATALOGING SOURCE
Original cataloging agency DLC/ICU
Transcribing agency ICU
Modifying agency DLC
-- BD-RjUL
Language of cataloging eng
041 ## - LANGUAGE CODE
Language code of text/sound track or separate title eng
082 00 - DEWEY DECIMAL CLASSIFICATION NUMBER
Edition number 23
Classification number 576.5
Author mark and year KOI 1964
100 1# - MAIN ENTRY--PERSONAL NAME
Personal name Kormondy, Edward John,
Dates associated with a name 1926-
9 (RLIN) 36504
245 10 - TITLE STATEMENT
Title Introduction to genetics :
Remainder of title a program for self-instruction /
Statement of responsibility, etc. Edward J. Kormondy.
260 ## - PUBLICATION, DISTRIBUTION, ETC. (IMPRINT)
Place of publication, distribution, etc. New York :
Name of publisher, distributor, etc. McGraw-Hill ,
Date of publication, distribution, etc. c1964
300 ## - PHYSICAL DESCRIPTION
Pagination xiv, 255 p. :
Illustrations illus. ;
Size 24 cm.
504 ## - BIBLIOGRAPHY, ETC. NOTE
Bibliography, etc Bibliography: p. xi. and index.
650 #0 - SUBJECT ADDED ENTRY--TOPICAL TERM
Topical term or geographic name as entry element Genetics
General subdivision Programmed instruction.
9 (RLIN) 36505
942 ## - ADDED ENTRY ELEMENTS (KOHA)
Source of classification or shelving scheme Dewey Decimal Classification
Koha item type Books
Holdings
Lost status Source of classification or shelving scheme Damaged status Not for loan Collection code Permanent Location Current Location Shelving location Date acquired Source of acquisition Total Checkouts Full call number Date last seen Date checked out Copy number Koha item type Cost, normal purchase price
  Dewey Decimal Classification     Non-fiction Central Library, University of Rajshahi Central Library, University of Rajshahi   21/05/1968 Cento-Aid 14 576.5 KOI 1964 11/10/2023 06/07/2023 C-4 Books  
  Dewey Decimal Classification     Non-fiction Central Library, University of Rajshahi Central Library, University of Rajshahi   14/09/1967 Swits & Zeitlinger   576.5 KOI 1964 17/10/2016   C-2 Books 48.00
  Dewey Decimal Classification     Non-fiction Central Library, University of Rajshahi Central Library, University of Rajshahi   02/08/1968 Swets & Zeitlinger   576.5 KOI 1964 17/10/2016   C-3 Books 55.60
  Dewey Decimal Classification   Not For Loan Non-fiction Central Library, University of Rajshahi Central Library, University of Rajshahi Reading Room 02/08/1968 Swits and Zeitliner   576.5 KOI 1964 21/05/2017   C-1 Books 55.60
  Dewey Decimal Classification     Non-fiction Central Library, University of Rajshahi Central Library, University of Rajshahi   02/08/1968 Swits and Zeitliner   576.5 KOI 1964 21/05/2017   C-5 Books 55.60
  Dewey Decimal Classification     Non-fiction Central Library, University of Rajshahi Central Library, University of Rajshahi   22/12/2018 Sweets & Zeitlinger   576.5 KOI 1964 22/12/2018   C-6 Books 55.60